बत्ती गुल / (Record no. 62727)

MARC details
000 -LEADER
fixed length control field 01100nam a22001937a 4500
005 - DATE AND TIME OF LATEST TRANSACTION
control field 20120214123852.0
020 ## - INTERNATIONAL STANDARD BOOK NUMBER
International Standard Book Number 9788181467843
Terms of availability 95.00
082 ## - DEWEY DECIMAL CLASSIFICATION NUMBER
Classification number
100 ## - MAIN ENTRY--PERSONAL NAME
Personal name सौम्या राजेन्द्रन
245 ## - TITLE STATEMENT
Title बत्ती गुल /
Statement of responsibility, etc सौम्या राजेन्द्रन;रेणुका राजीव द्वारा चित्रांकित;शिवानी अरोड़ा द्वारा अनुदित
260 ## - PUBLICATION, DISTRIBUTION, ETC. (IMPRINT)
Place of publication, distribution, etc चैन्नेई
Name of publisher, distributor, etc तूलिका पब्लिशिंग
Date of publication, distribution, etc 2010
270 ## - ADDRESS
Address 13 पृथ्वी ऐवन्यु, अभिरमपुरम
City चैन्नेई
Postal code 600018
300 ## - PHYSICAL DESCRIPTION
Extent अ.पृ.
Other physical details सचित्र
Dimensions 22सेमी (अजिल्द)
700 ## - ADDED ENTRY--PERSONAL NAME
9 (RLIN) 41870
Personal name रेणुका राजीव
700 ## - ADDED ENTRY--PERSONAL NAME
9 (RLIN) 41871
Personal name अरोड़ा, शिवानी
700 ## - ADDED ENTRY--PERSONAL NAME
9 (RLIN) 41872
942 ## - ADDED ENTRY ELEMENTS (KOHA)
Source of classification or shelving scheme Dewey Decimal Classification
Item type Children Books
Classification part
Call number suffix सौम्यारा
Holdings
Withdrawn status Lost status Not for loan Home library Current library Date acquired Cost, normal purchase price Full call number Cost, replacement price Koha item type
    Ordered Andrews Gunj Andrews Gunj 14/02/2012 95.00 क सौम्यारा 95.00 Children Books

© Delhi Public Library
Hit Counter
free hit counter